[Event "Komarom Esztergom County-chT"]
[Site "Hungary"]
[Date "2013.04.14"]
[Round "9.3"]
[White "Pusztai, Janos"]
[Black "Komlosi, Tibor"]
[Result "1/2-1/2"]
[WhiteElo "1801"]
[BlackElo "1916"]
[PlyCount "51"]
[EventDate "2012.09.29"]
[EventType "team-tourn"]
[EventRounds "10"]
[EventCountry "HUN"]
[SourceTitle "EXT 2014"]
[Source "ChessBase"]
[SourceDate "2013.11.20"]
[SourceVersion "1"]
[SourceVersionDate "2013.11.20"]
[SourceQuality "1"]
[WhiteTeam "Almasfuezito"]
[BlackTeam "Kisber Aszar"]
[WhiteTeamCountry "HUN"]
[BlackTeamCountry "HUN"]

1. e4 e6 2. d4 d5 3. exd5 exd5 4. Nf3 Nf6 5. Be2 Bd6 6. 0-0 c6 7. Nbd2 Qc7 8. c4 b6 9. Qc2 Nbd7 10. b3 0-0 11. Bb2 a5 12. a3 Ba6 13. Bd3 h6 14. Rac1 dxc4 15. bxc4 Nh5 16. g3 Bb7 17. Rfe1 Rfe8 18. Ne4 Be7 19. c5 bxc5 20. dxc5 Nhf6 21. Nd4 Nxe4 22. Bxe4 Bf6 23. Nf5 Ba6 24. Nd6 Red8 25. Bxf6 Nxf6 26. Bg2 1/2-1/2

[Event "HUN-chT2 Breyer 0203"]
[Site "Hungary"]
[Date "2003.04.06"]
[Round "10"]
[White "Pusztai, Janos"]
[Black "Oze, Norbert"]
[Result "1-0"]
[WhiteElo "1887"]
[BlackElo "2098"]
[PlyCount "65"]
[EventDate "2002.09.22"]
[EventType "team-tourn"]
[EventRounds "11"]
[EventCountry "HUN"]
[SourceTitle "EXT 2009"]
[Source "ChessBase"]
[SourceDate "2008.11.26"]
[SourceVersion "1"]
[SourceVersionDate "2008.11.26"]
[SourceQuality "1"]

1. e4 c5 2. Nf3 Nc6 3. d4 cxd4 4. Nxd4 d6 5. Bc4 Nf6 6. Nc3 e6 7. 0-0 Be7 8. Be3 0-0 9. f4 Qb6 10. Bb3 Qa5 11. h3 Rd8 12. Qf3 Nxd4 13. Bxd4 Bd7 14. g4 Bc6 15. g5 Nd7 16. Qg4 Nc5 17. f5 Nxb3 18. axb3 Qb4 19. Rad1 e5 20. Be3 f6 21. Kh2 Kh8 22. g6 Bf8 23. Rg1 d5 24. Qh5 h6 25. exd5 Be8 26. Rg4 Qe7 27. Ne4 b6 28. d6 Qb7 29. c4 Bc6 30. Nxf6 Bf3 31. Bxh6 gxh6 32. g7+ Qxg7 33. Qxh6+ 1-0